000 00483nam a2200157Ia 4500
008 210716s2011 xx 000 0 und d
020 _a9789350248478
041 _aeng
082 _a338.04 DESV
100 _aDesai, Vasant.
245 _aTheories of entrepreneurship: nurturing growth harnessing excellence.
_bNurturing growth harnessing excellence.
250 _a1
260 _aNew Delhi
_bHimalaya Publishing House
_c2011
300 _axxviii,450
650 _aEntrepreneurship
999 _c208214
_d208214